000 00759cam a2200241u 4500
001 10044496
003 OSt
005 20200515115848.0
008 850702s1913 xx 000 0 eng
010 _aunk85015063
020 _a9788187570257
040 _aDLC
_coclc
_dDLC
050 0 0 _aDP102
_b.D7
082 _a946.004927
_bDOZ/S
100 _aDozy, Reinhart
_d1820-1883.
_92365
240 1 0 _aHistoire des Musulmans. English. [from old catalog]
245 1 0 _aSpanish Islam /
_cReinhart Dozy
260 _aNew Delhi:
_c1913
_bGoodword,
300 _a769p
650 0 _92271
_aHistory & geography
_vIslamic History
906 _a0
_bcbc
_cpremunv
_du
_encip
_f19
_gy-gencatlg
942 _2ddc
_cBK
_h946.004927
_iDOZ/S
_k946.004927
_mDOZ/S
999 _c22600
_d22600